| 000 | 00964cam a2200289 i 4500 | ||
|---|---|---|---|
| 001 | 200451031 | ||
| 999 |
_c200451031 _d69243 |
||
| 003 | TR-AnTOB | ||
| 005 | 20240924110621.0 | ||
| 007 | ta | ||
| 008 | 221226s1958 tu 00100 tur d | ||
| 040 |
_aTR-AnTOB _beng _erda _cTR-AnTOB |
||
| 041 | 0 | _atur | |
| 050 | 1 | 4 |
_aKKX3500 _b.D66 1958 |
| 090 |
_aTOBBK KKX3500 _b.D66 1958 |
||
| 100 | 1 |
_aDönmezer, Sulhi, _d1918-2004 _eauthor _958499 |
|
| 245 | 1 | 0 |
_aBasın hukuku cilt I : _bumumi prensipler, basın hürriyeti / _cDr. Sulhi Dönmezer. |
| 264 | 1 |
_aİstanbul : _bSulhi Garan Matbaası, _c1958. |
|
| 300 |
_axi, 166 pages ; _c23 cm |
||
| 336 |
_atext _btxt _2rdacontent |
||
| 337 |
_aunmediated _bn _2rdamedia |
||
| 338 |
_avolume _bnc _2rdacarrier |
||
| 490 | 0 |
_aİstanbul Üniversitesi Yayınları ; _vNa. 744 _aHukuk Fakültesi Yayınları ; _vNa. 153 |
|
| 650 | 0 |
_aBasın hukuku _yTürkiye _9121009 |
|
| 942 |
_2z _cBK |
||